ბათუმის შოთა რუსთაველის სახელმწიფო უნივერსიტეტის ბიბლიოთეკა

კავკავის ქართული სკოლა მატიანე. ნ.1. (ბიბ.ჩანაწერი № 36660)

000 -LEADER
fixed length control field 00690nam a2200217Ia 4500
001 - CONTROL NUMBER
control field 2583
003 - CONTROL NUMBER IDENTIFIER
control field GE_BSU
008 - FIXED-LENGTH DATA ELEMENTS--GENERAL INFORMATION
fixed length control field 181216s||||||||xx |||||||||||||| ||und||
040 ## - CATALOGING SOURCE
Transcribing agency GE_BSU
080 ## - UNIVERSAL DECIMAL CLASSIFICATION NUMBER
Universal Decimal Classification number 094(479.9)
100 ## - MAIN ENTRY--PERSONAL NAME
Personal name შადური, ვანო
245 ## - TITLE STATEMENT
Title კავკავის ქართული სკოლა მატიანე. ნ.1.
245 ## - TITLE STATEMENT
Remainder of title (1888–1904 წ.წ.)
260 ## - PUBLICATION, DISTRIBUTION, ETC.
Place of publication, distribution, etc. თბილისი
260 ## - PUBLICATION, DISTRIBUTION, ETC.
Name of publisher, distributor, etc. თბილისი სახ. ნ–ტი
260 ## - PUBLICATION, DISTRIBUTION, ETC.
Date of publication, distribution, etc. 1990
300 ## - PHYSICAL DESCRIPTION
Extent 88 გვ.
653 ## - INDEX TERM--UNCONTROLLED
Uncontrolled term კავკავის ქართული სკოლა მატიანე. ნ.1.
942 ## - ADDED ENTRY ELEMENTS (KOHA)
Koha item type წიგნი

არაა ხელმისაწვდომი ეგზემპლარები.